| 000 | 02616nam a2200469 a 4500 | ||
|---|---|---|---|
| 001 | 78049 | ||
| 003 | BD-RjUL | ||
| 005 | 20211209083101.0 | ||
| 008 | 210311s2003 bg ||||| m||| 00| 0 ben d | ||
| 035 | _a(BD-RjUL)78275 | ||
| 040 |
_aBD-RjUL _bben/eng _dBD-RjUL |
||
| 041 | _aben | ||
| 082 |
_a202.117 _bISR 2003 _223 |
||
| 099 | _a | ||
| 100 |
_aইসলাম, মোঃ আমিনুল _9245896 |
||
| 245 | 1 | 0 |
_aধর্মের উৎপত্তি ও বিকাশে অলৌকিকতার প্রভাব / _cমোঃ আমিনুল ইসলাম ; _6গবেষণা তত্ত্বাবধায়ক : এফ. এম. এ. এইচ. তাকী |
| 260 |
_aরাজশাহী : _bইসলামিক স্টাডিজ বিভাগ, রাজশাহী বিশ্ববিদ্যালয়, _c২০০৩ |
||
| 300 |
_a[৭], ৩২৭ পাতা ; _c২৯ সেমি. |
||
| 502 | _aথিসিস (পিএইচ. ডি.) -- ইসলামিক স্টাডিজ বিভাগ, রাজশাহী বিশ্ববিদ্যালয়, ২০০৩ | ||
| 504 | _aগ্রন্থপঞ্জি : পাতা [৩০২]-৩২৭ | ||
| 600 |
_a _c _9246265 |
||
| 650 |
_aধর্ম _xইতিহাস _9245994 |
||
| 650 |
_aReligion _xHistory _9245995 |
||
| 650 |
_aধর্ম _xদর্শন _9245996 |
||
| 650 |
_aReligion _xPhilosophy _9245997 |
||
| 650 |
_aঅলৌকিক ঘটনা (ইসলাম) _9245998 |
||
| 650 |
_aMiracles (Islam) _9246102 |
||
| 650 |
_aঅলৌকিক ঘটনা (ইসলাম) _xকোরআন শিক্ষা _9245999 |
||
| 650 |
_aMiracles (Islam) _xQurʼanic teaching _9246000 |
||
| 650 |
_aঅলৌকিক ঘটনা (হিন্দু ধর্ম) _9246001 |
||
| 650 |
_aMiracles (Hinduism) _9246002 |
||
| 650 |
_aঅলৌকিক ঘটনা ( ইহুদী ধর্ম ) _9246003 |
||
| 650 |
_aMiracles (Judaism) _9246103 |
||
| 650 |
_aঅলৌকিক ঘটনা ( খ্রিষ্ট ধর্ম ) _9246104 |
||
| 650 |
_aMiracles (Christianity ) _9246105 |
||
| 650 |
_aঅলৌকিক ঘটনা ( বৌদ্ধ ধর্ম ) _9246106 |
||
| 650 |
_aMiracles (Buddhism ) _9246107 |
||
| 650 |
_aঅলৌকিক ঘটনা ( অন্যান্য নবী-রাসুলগন ) _9246108 |
||
| 650 |
_aMiracles (Other Prophets) _9246109 |
||
| 700 |
_aতাকী, এফ. এম. এ. এইচ. গবেষণা তত্ত্বাবধায়ক _9245899 |
||
| 942 |
_2ddc _cTHE |
||
| 999 |
_c78049 _d78049 |
||